Oxford handbook of commercial correspondence

Đã lưu trong:
Bibliografiske detaljer
Hovedforfatter:  Ashley, A
Format: Sách
Sprog:Undetermined
Udgivet:  Oxford University Press  2003
Fag:
Tags: Tilføj Tag
Ingen Tags, Vær først til at tagge denne postø!
Thư viện lưu trữ: Trung tâm Thư viện - Trường Đại học Công nghiệp TP. Hồ Chí Minh
LEADER 00491nam a2200157Ia 4500
001 UIH_05964
008 231011s9999 xx 000 0 und d
082 |a  808.066651 
100 |a  Ashley, A 
245 0 |a  Oxford handbook of commercial correspondence 
245 0 |c  Ashley, A 
260 |b  Oxford University Press 
260 |c  2003 
650 |a  Business; Kinh doanh;  
927 |a Sách 
980 |a Trung tâm Thư viện - Trường Đại học Công nghiệp TP. Hồ Chí Minh